000 00276nam a2200109Ia 4500
008 140130s9999 xx 000 0 und d
245 _cLunsford, Susan
_aTeaching w/ favorite Read-Alouds in prek
260 _bScholastic,
_c2004
440 _v1
942 _cBK
999 _c41648
_d41648